000 00355nam a2200145Ia 4500
003 OSt
005 20240108121523.0
008 170524s9999 xx 000 0 und d
020 _a9788179651469
040 _cIIMT UNIVERSITY
100 _aPANT- NC
245 0 _aJANSAMPARK- VIGYAPAN AVEM PRASAR MADHYAM
260 _bN DELHI TAKSHSHILA
942 _2ddc
_c01
999 _c9265
_d9265